Представление документа в формате RUSMARC

ПолеНазваниеЗначение
  Тип записи a
  Библиографический уровень m
001 Контрольный номер UONB/MAIN/905c17fbe79945d5a21243afb4d88a52
005 Дата корректировки 20250811101456.8
010 Индекс ISBN __
b Уточнения в пер.
d Цена 15 р.
9 Тираж 1500 экз.
100 Данные общей обработки __
a Данные общей обработки 20250811d1950 u u0rusy0189 ca
101 Язык документа 0_
a Язык текста rus
102 Страна публикации __
a Страна публикации RU
105 Кодированные данные (монография) __
a Кодированные данные (монография) a z 001yy
200 Заглавие и сведения об ответственности 1_
a Заглавие Дмитрий Константинович Чернов - основоположник научного металловедения
e Сведения, относящиеся к заглавию жизнь, деятельность и выдержки из трудов
f Первые сведения об ответственности Д. К. Чернов
g Последующие сведения об ответственности общая редакция и вступительный очерк Б. Е. Воловика
203 Вид содержания и тип средства __
a Вид содержания Текст
b Характеристика содержания визуальный
c Тип средства непосредственный
210 Выходные данные 1_
a Место издания Москва
c Издательство Машгиз
d Дата издания 1950
215 Физическое описание __
a Объем 352 с.
c Иллюстрации/тип воспроизводства ил., 1 л. портр.
d Формат 23 см
320 Библиография __
a Библиография Библиогр.: с. 346-349
606 Тематические рубрики 0_
a Основная рубрика Сталелитейное производство
606 Тематические рубрики 0_
a Основная рубрика Чугунолитейное производство
606 Тематические рубрики 0_
a Основная рубрика Металлография
610 Ключевые слова 0_
a Ключевые слова сталелитейное производство; чугунолитейное производство; металлография
675 Индекс УДК __
a Индекс УДК 6П4.18
686 Индексы других классификаций __
a Классификационный индекс 34.61
2 Код системы rubbk
700 Автор _1
a Фамилия Чернов
b Имя (инициалы) Д. К.
g Полное личное имя Дмитрий Константинович
c Титул (звания) металлург
f Даты 1839-1921
702 Вторичная интеллектуальная ответственность _1
a Фамилия Воловик
b Имя (инициалы) Б. Е.
g Полное личное имя Борис Ефимови
4 Код отношения 340
4 Код отношения 080
801 Источник записи _0
a Страна RU
b Организация Ульяновская ОНБ
c Дата составления 20250811
g Правила каталогизации RCR
801 Источник записи _1
a Страна RU
b Организация Ульяновская ОНБ
c Дата составления 20250811
g Правила каталогизации RCR
901 Тип документа __
t Тип документа m
909 Создатель записи __
a Создатель записи Горбункова
b Дата создания записи 20250811